00240nam a2200097Ia 4500008004100000100001800041245002700059260003000086260000900116999001700125170620s9999 xx 000 0 und d aSharma- A. R. 0aEducational Technology bAgra- Vinod Pustak Mandir c1991 c23841d23841